000 00782nam a22002537a 4500
005 20170123162338.0
010 _aA-148472
020 _c12.00
035 _aA-148472
037 _bCen Lib/Ret
040 _bUR
_aDPL
082 _a847
_bا ع ج
100 _aاعجاز الی ارشاد
_9109505
245 _aکرسو اور کرنسی /
_cاعجاز الی ارشاد
246 _aKursi aur currency /
_bby Ajaz Ali Irshad
260 _bاردو کڈمی
_c1982
_aنیی دہلی
270 _bنیی دہلی
300 _a112p
_c21cm(Hb)
650 _aادب -- اردو
_9125445
650 _aاردو مضمون
_9125446
650 _aLiterature -- Urdu
_9125447
650 _aUrdu essays
_9528
942 _2ddc
_cUR
_h847
_mا ع ج
999 _c108323
_d108323